هيبة الدولة : التحدي والتصدي /
يتناول هذا الكتبا مفهوم "هيبة الدولة" وكأنه كهف مغلق ومعتم وفي حاجة إلى بصيص ضوء يكتشف أغواره وأبعاده بحرص ويقظة. وهذا الكتاب يسعى لتقنين مسهب لمفهوم "هيبة الدولة" في مواجهة تيارات العولمة الجامحة المعاصرة....
Saved in:
| 主要作者: | |
|---|---|
| 格式: | 图书 |
| 语言: | 阿拉伯语 |
| 出版: |
القاهرة :
دار غريب للطباعة والنشر والتوزيع،
2004.
|
| 主题: | |
| 标签: |
添加标签
没有标签, 成为第一个标记此记录!
|
MARC
| LEADER | 00000nam a22000007a 4500 | ||
|---|---|---|---|
| 003 | INP | ||
| 005 | 20180327100711.0 | ||
| 008 | 180204s2004 ua ||||frb||| 001 0 ara d | ||
| 952 | |0 0 |1 0 |4 0 |6 320_100000000000000_ن_هـ |7 0 |8 arabic_Boo |9 2837 |a INP |b INP |c MAIN |d 2018-03-27 |l 0 |o 320.1 ن هـ |p 002848 |r 2022-03-28 00:00:00 |w 2018-03-27 |y BK |0 0 | ||
| 999 | |c 3904 |d 3904 | ||
| 017 | |a 2003/18203 |b مصر. دار الكتب | ||
| 020 | |a 9772157441 | ||
| 040 | |a EG-INP |b ara |c EG-INP | ||
| 082 | 0 | 4 | |2 21 |a 320.1 |b ن هـ |
| 100 | 1 | |a راغب، نبيل. | |
| 245 | 1 | 0 | |a هيبة الدولة : |b التحدي والتصدي / |c تأليف نبيل راغب. |
| 260 | |a القاهرة : |b دار غريب للطباعة والنشر والتوزيع، |c 2004. | ||
| 300 | |a 519 ص. ؛ |c 24 سم. | ||
| 504 | |a يشتمل على إرجاعات ببليوجرافية ( ص. 511-519). | ||
| 520 | |a يتناول هذا الكتبا مفهوم "هيبة الدولة" وكأنه كهف مغلق ومعتم وفي حاجة إلى بصيص ضوء يكتشف أغواره وأبعاده بحرص ويقظة. وهذا الكتاب يسعى لتقنين مسهب لمفهوم "هيبة الدولة" في مواجهة تيارات العولمة الجامحة المعاصرة. | ||
| 650 | 7 | |a الدولة. |2 qrmak | |
| 650 | 7 | |a القانون والسياسة. |2 qrmak | |
| 650 | 7 | |a الديموقراطية. |2 qrmak | |
| 650 | 7 | |a الديكتاتورية. |2 qrmak | |
| 650 | 7 | |a الأمم المتحدة. |2 qrmak | |
| 653 | 0 | |a هيبة الدولة | |
| 901 | |a EGPV10 | ||
| 902 | |a EGPV 18 | ||
| 903 | |a original | ||
| 942 | |2 ddc |c BK | ||